Vmyranňa sniv

Bibliographic Details
Main Author: Zbihlej, Jozef, 1938-2019 (Author)
Format: Article
Language:Slovak
Ukrainian
PhysicalDescription:Fotogr.
Subjects:

MARC

LEADER 00000nab a2200000 a 4500
001 vtls000784162
003 SK-MaSNL
005 20260304115020.0
008 250429c2001 xo 0 slo
015 |a SNBRB2002/02-05223 
035 |a CLN000135840 
035 |a urn:nbn:sk:snk-abbv2w 
035 |a (urnnbn)urn:nbn:sk:snk:ar-001d00 
035 |a (uuid)f9f89224-c74f-432b-807c-4c9e4537c04a 
040 |a SNKBUCL  |b slo  |c SNKBUCL  |e AACR2 
041 0 |a ukr 
044 |a xo  |c SK 
080 |a 883 (437.6)-1=83  |2 1997 
100 1 |a Zbihlej, Jozef,  |d 1938-2019  |4 aut  |9 109110 
245 1 0 |a Vmyranňa sniv  |c Josyf Zbihlej 
300 |b Fotogr. 
650 0 7 |a reflexívne básne, ukrajinské  |2 snkbucl  |9 70185 
655 7 |a články z novín a časopisov  |2 snkbucl  |9 267496 
773 0 |t Duklja  |g Roč. 49, č. 5-6 (2001), s. 2-4 
850 |a Slovenská národná knižnica 
852 |a Slovenská národná knižnica 
958 |a article15 
958 |a UK 
958 |a SK 
958 |a LX 
958 |a OND 
958 |a EUIPO 
992 |a RBX 
999 |c 2874613  |d 2876543